UBT Library

Computer networking : (Record no. 39886)

000 -LEADER
fixed length control field 00792cam a2200229 a 4500
001 - CONTROL NUMBER
control field 13457588
005 - DATE AND TIME OF LATEST TRANSACTION
control field 20180109070236.0
008 - FIXED-LENGTH DATA ELEMENTS--GENERAL INFORMATION
fixed length control field 040114s2005 maua b 001 0 eng
010 ## - LIBRARY OF CONGRESS CONTROL NUMBER
LC control number 2004044284
020 ## - INTERNATIONAL STANDARD BOOK NUMBER
International Standard Book Number 0321227352
040 ## - CATALOGING SOURCE
Original cataloging agency DLC
Transcribing agency DLC
Modifying agency DLC
041 ## - LANGUAGE CODE
Language code of text/sound track or separate title eng
080 ## - UNIVERSAL DECIMAL CLASSIFICATION NUMBER
Universal Decimal Classification number 004.678 JAM
082 00 - DEWEY DECIMAL CLASSIFICATION NUMBER
Classification number 004.678 JAM
Edition number 22
100 1# - Rafti
Rafti 28
101 ## - Shkurtesa
Shkurtesa SHK
245 10 - TITLE STATEMENT
Title Computer networking :
Statement of responsibility, etc James F. Kurose, Keith W. Ross.
504 ## - BIBLIOGRAPHY, ETC. NOTE
Bibliography, etc Includes bibliographical references (p. 763-795) and index.
906 ## - LOCAL DATA ELEMENT F, LDF (RLIN)
a 7
b cbc
c orignew
d 1
e ocip
f 20
g y-gencatlg
942 ## - ADDED ENTRY ELEMENTS (KOHA)
Source of classification or shelving scheme
Item type Books
Holdings
Withdrawn status Lost status Source of classification or shelving scheme Damaged status Not for loan Permanent location Current location Date acquired Total Checkouts Full call number Barcode Date last seen Price effective from Koha item type
          UBT - Lipjan UBT - Lipjan 01/09/2018   004.678 JAM 002-2995123 01/09/2018 01/09/2018 Books
UBT Library © 2015-2024. All rights reserved University Education for Business and Technology